Summaries of leading cases on the Constitution.

Saved in:
Bibliographic Details
Main Author: Bartholomew, Paul Charles, 1907-
Format: Book
Language:English
Published: Totowa, N.J. : Littlefield, Adams, 1970.
Edition:7th ed.
Series:Littlefield college outlines ; no.50
Subjects:
LEADER 00952nam a2200253 i 4500
001 c000247934
003 CARM
005 00000000000000.0
008 840311s1970 nju 0 eng d
019 1 |a 9239994  |5 LACONCORD2021 
035 |a (OCoLC)7760381  |5 LACONCORD2021 
082 0 4 |a 342.7303 
100 1 |a Bartholomew, Paul Charles,  |d 1907- 
245 1 0 |a Summaries of leading cases on the Constitution. 
250 |a 7th ed. 
260 |a Totowa, N.J. :  |b Littlefield, Adams,  |c 1970. 
300 |a 380 p. 
440 0 |a Littlefield college outlines ;  |v no.50 
500 |a Littlefield quality paperbacks. 
500 |a On spine: Constitution, leading cases. 
650 0 |a Constitutional law  |z United States  |x Digests. 
852 8 |b CARM  |h A2:AQ33G0  |i B07767  |p 0339402  |f BK 
999 f f |i 62334df2-8019-5627-9194-15d08db8b5ad  |s cca449e6-cdf0-505f-92f9-9112dc9656f5 
952 f f |p Can circulate  |a CAVAL  |b CAVAL  |c CAVAL  |d CARM 1 Store  |e B07767  |f A2:AQ33G0  |h Other scheme  |i book  |m 0339402